| 000 | 00498pab a2200193 454500 | ||
|---|---|---|---|
| 008 | 180718b2001 xxu||||| |||| 00| 0 eng d | ||
| 100 | _aHaskel, Jonathan | ||
| 245 | _aTrade, technology and U.K. wage inequality | ||
| 260 | _c2001 | ||
| 300 | _ap.163-87 | ||
| 362 | _aJan | ||
| 650 | _aTechnology - Great Britain | ||
| 650 | _aTrade - Great Britain | ||
| 650 | _aWages - Great Britain | ||
| 650 | _aWages | ||
| 700 | _aSlaughler, Mathew J. | ||
| 773 | _aEconomic Journal | ||
| 909 | _a49015 | ||
| 999 |
_c49015 _d49015 |
||